Aprendizaje e instrucción programada /
Сохранить в:
| Главный автор: | |
|---|---|
| Другие авторы: | , |
| Формат: | |
| Язык: | испанский |
| Опубликовано: |
México :
Trillas,
1974, c1974
|
| Серии: | (Biblioteca Técnica de Psicología)
|
| Предметы: | |
| Метки: |
Нет меток, Требуется 1-ая метка записи!
|
MARC
| LEADER | 00000nam^a2200000^a^4500 | ||
|---|---|---|---|
| 001 | 000334275 | ||
| 005 | 20250521000000.0 | ||
| 009 | 20260310114156.2 | ||
| 037 | |a Acervo Xavier Clavigero | ||
| 041 | |a ESP | ||
| 082 | |a 371. 39442 |b TAB | ||
| 100 | |a Taber, Julian I. |e (autor) | ||
| 245 | 1 | 0 | |a Aprendizaje e instrucción programada / |c J.I. Taber, R. Glaser, H.H. Schaefer ; tr. por Carlos Fernández Gaos. |
| 264 | 4 | |a México : |b Trillas, |c 1974, c1974 | |
| 300 | |a 209 p. | ||
| 336 | |a texto |b txt |2 rdacontenido | ||
| 337 | |a sin mediación |b n |2 rdamedio | ||
| 338 | |a volumen |b nc |2 rdasoporte | ||
| 440 | 1 | |a (Biblioteca Técnica de Psicología) | |
| 500 | |a Traducción de: Learning and Programmed Instruction | ||
| 649 | |a XX | ||
| 650 | |a Conducta | ||
| 650 | |a Aprendizaje | ||
| 650 | |a Enseñanza Programada - |x Tema Principal | ||
| 650 | |a Metodología Educativa | ||
| 650 | |a Proceso Educativo | ||
| 650 | |a Conductismo | ||
| 650 | |a Psicología Educativa | ||
| 650 | |a Educación | ||
| 700 | |a Glaser, Robert |e (autor) | ||
| 700 | |a Schaefer, Halmut H. |e (autor) | ||
| 910 | |a Fondo General | ||
| 920 | |a Impresos - Libros | ||
| 930 | |a Colección General | ||
| 905 | |a 101 | ||
| 901 | |a 0500224091 |b IT1 |c ACC |u 20250521 | ||
| 902 | |a https://opac.biblio.iteso.mx/vufind/Record/000334275 | ||